000 00826nam a2200253Ia 4500
003 OSt
005 20221005102948.0
006 a|||||r|||| 00| 0
007 ta
008 221004b |||||||| |||| 00| 0 hin d
024 _a31914
037 _cTextual
040 _aCRL
_cCRL
_bhin
041 _2hin
_ahin
082 _aO152,2xN17, L8
100 _aअश्क, उपेन्द्रनाथ
245 0 _aप्रतिनिध एकांकी
246 _aPratinidh ekāankī
260 _aइलाहाबाद
_bनीलाभ प्रकाशन भारत
_c1978
300 _a150पृ.
_ccm.
650 _aहिन्दी कहानी
942 _hO152,2xN17, L8
_cTEXL
_2cc
999 _c1009169
_d1009169